000 01040nas a2200325 4500
001 BR9801371
003 BR-BrBNA
005 20231205100933.0
007 ta
008 230509b bl.|||p| |||| 00| 00por d
040 _aBR-BrBNA
_bpor
_cBiblioteca Nacional de Agricultura
041 _a(Pt)
072 _aF60
100 1 _aCavada, B.S.
100 1 _aSanti, T.
100 1 _aGadelha, C.A. de A.
100 1 _aGrangeiro, T.B.
100 1 _aAndrade Neto, M.
100 1 _aNunes, E.P.
100 1 _aGalvani, F.R.
245 1 _aBases quimiotaxonomicas para diferenciacao dos taxones Acacia caven (Mol.)Mol. e Acacia farnesiana (L.)Willdenow (Leguminosae, Mimosoideae)
650 _aAcacia
650 _aEspinilho
650 _aTaxonomia Vegetal
650 _aAnalise Quimica
650 _aLeguminosa
773 0 _tRevista da Faculdade de Zootecnia, Veterinaria e Agronomia (Brazil)
_xISSN 0104-4257
_g(Jan-Dec 1995-1996), v. 2-3(1) p. 5-10
_wBR9801371
909 _a202311
_bLúcia
_c55
_dLúcia Elande
942 _2AGRIS
_n0
_cANA
999 _c158889
_d158889